Outsourcing agricultural advisory services: Enhancing rural innovation in sub-Saharan Africa (Record no. 44325)

MARC details
000 -LEADER
fixed length control field 00412nam a2200121Ia 4500
082 ## - DEWEY DECIMAL CLASSIFICATION NUMBER
Classification number 338.43.01(6)
Item number HEE
100 ## - MAIN ENTRY--AUTHOR NAME
Personal name Heemskerk, William
245 #0 - TITLE STATEMENT
Title Outsourcing agricultural advisory services: Enhancing rural innovation in sub-Saharan Africa
260 ## - PUBLICATION, DISTRIBUTION, ETC. (IMPRINT)
Place of publication Amsterdam
Name of publisher KIT Publishers
Year of publication 2008
490 ## - SERIES STATEMENT
Series statement Development Policy & Practice Bulletin 380
942 ## - ADDED ENTRY ELEMENTS (KOHA)
Koha item type Books
Holdings
Withdrawn status Lost status Damaged status Not for loan Home library Current library Date acquired Source of acquisition Full call number Accession Number Koha item type
        RRII Library RRII Library 16/12/2021 Gift 338.43.01(6) HEE G01072 Books